Länder efter bokstav - F - Statistics

General Stats
  • This quiz has been taken 117 times
  • The average score is 4 of 7
Answer Stats
Land % Correct
Frankrike
96%
Fiji
83%
Filippinerna
83%
Finland
81%
Förenade arabemiraten
42%
Förenta staterna
15%
Förenade kungariket
6%
No matching quizzes found
Score Distribution
Percent of People with Each Score
Percentile by Number Answered
Your Score History
You have not taken this quiz